Ligue 1 Torschützen 2021/2022 - Statistiken

Allgemein
  • Dieses Quiz wurde 245 mal gespielt
  • Das Durchschnittsergebnis liegt bei 5 aus 14
Antwortstatistiken
Tore Verein Spieler % Korrekt
28 Paris Saint-Germain Kylian Mbappé
100%
13 Paris Saint-Germain Neymar
81%
25 AS Monaco Wissam Ben Yedder
70%
12 Olympique Marseille Dimitri Payet
43%
15 OSC Lille Jonathan David
40%
21 Olympique Lyon Moussa Dembélé
38%
21 Stade Rennes Martin Terrier
31%
15 Stade Rennes Gaëtan Laborde
21%
12 Olympique Lyon Karl Toko Ekambi
21%
12 Racing Straßburg Ludovic Ajorque
19%
18 OGC Nizza Andy Delort
18%
12 FC Nantes Randal Kolo Muani
15%
14 Clermont Foot Mohamed Bayo
12%
12 RC Lens Arnaud Kalimuendo
10%
Keine übereinstimmenden Quizze gefunden
Verteilung der Resultate
Anzahl Personen mit jedem Resultat
Perzentil nach korrekt beantworteten Fragen
Ihre Resultats-Entwicklung
Sie haben dieses Quiz noch nicht gespielt